[Event "Titled Tuesday intern op 05th Sep Early"]
[Site "Chess.com INT"]
[Date "2023.09.05"]
[Round "3"]
[White "Mekhane, Adam"]
[Black "Tharushi, THD Niklesha"]
[Result "1-0"]
[WhiteElo "2243"]
[BlackElo "1521"]
[PlyCount "95"]
[EventDate "2023.09.05"]
[EventType "swiss (blitz)"]
[EventRounds "11"]
[EventCountry "USA"]
[SourceTitle "EXT 2024"]
[Source "ChessBase"]
[SourceDate "2023.10.10"]
[SourceVersion "1"]
[SourceVersionDate "2023.10.10"]
[SourceQuality "1"]

1. e4 c5 2. Nf3 d6 3. d4 cxd4 4. Nxd4 Nf6 5. Nc3 g6 6. Be3 Bg7 7. f3 Nc6 8. Qd2 0-0 9. Bc4 Nxd4 10. Bxd4 Be6 11. Bb3 Qa5 12. 0-0-0 b5 13. Kb1 b4 14. Nd5 Bxd5 15. exd5 Qb5 16. Qd3 Qxd3 17. Rxd3 Nd7 18. Bf2 Rfc8 19. Re1 Kf8 20. Rd2 a5 21. Ba4 Ne5 22. Rde2 Bf6 23. Bd4 Rc4 24. Bxe5 Bxe5 25. Bc6 Rc8 26. g3 e6 27. f4 Bf6 28. Bd7 exd5 29. Bxc8 Rxc8 30. Rd1 d4 31. Kc1 a4 32. Rd3 Rc6 33. Kd2 Rc4 34. Re1 Rc7 35. Re4 Rc4 36. Re2 Rc7 37. Re1 Rc4 38. b3 axb3 39. axb3 Rc7 40. Ra1 Rc6 41. Ra7 Kg7 42. Rb7 g5 43. Rxb4 gxf4 44. gxf4 Kg6 45. Rb5 h6 46. Rg3+ Kh7 47. Rf5 Bg7 48. Rxf7 1-0

[Event "Asia-ch Amateur (Women)"]
[Site "Dubai"]
[Date "2023.09.03"]
[Round "9"]
[White "Tharushi, THD Niklesha"]
[Black "Sachi, Jain"]
[Result "1/2-1/2"]
[WhiteElo "1521"]
[BlackElo "1690"]
[PlyCount "66"]
[EventDate "2023.08.28"]
[EventType "swiss"]
[EventRounds "9"]
[EventCountry "UAE"]
[SourceTitle "EXT 2024"]
[Source "ChessBase"]
[SourceDate "2023.10.10"]
[SourceVersion "1"]
[SourceVersionDate "2023.10.10"]
[SourceQuality "1"]

1. d4 d5 2. c4 e6 3. Nc3 f5 4. cxd5 exd5 5. g3 Nf6 6. Bg2 c6 7. f3 Be6 8. Nh3 Bd6 9. 0-0 0-0 10. Ng5 Bc8 11. e4 h6 12. e5 hxg5 13. Bxg5 Be7 14. exf6 Bxf6 15. Bxf6 Qxf6 16. f4 Na6 17. Qd2 Nc7 18. Rae1 Bd7 19. b4 Qd6 20. a3 Rae8 21. Re5 Na8 22. Na4 b5 23. Nb2 Nb6 24. Rfe1 Be6 25. Bh3 Nd7 26. Bxf5 Nxe5 27. dxe5 Qe7 28. Bg6 Bf7 29. Bb1 Be6 30. Bg6 Bf7 31. Bb1 Be6 32. Nd3 Bf5 33. Nc1 Be6 1/2-1/2

[Event "Asia-ch Amateur (Women)"]
[Site "Dubai"]
[Date "2023.08.31"]
[Round "6"]
[White "Tharushi, THD Niklesha"]
[Black "Mehak, Gul"]
[Result "1-0"]
[WhiteElo "1521"]
[BlackElo "1580"]
[PlyCount "75"]
[EventDate "2023.08.28"]
[EventType "swiss"]
[EventRounds "9"]
[EventCountry "UAE"]
[SourceTitle "EXT 2024"]
[Source "ChessBase"]
[SourceDate "2023.10.10"]
[SourceVersion "1"]
[SourceVersionDate "2023.10.10"]
[SourceQuality "1"]

1. d4 Nf6 2. c4 e6 3. Nf3 c5 4. d5 exd5 5. cxd5 d6 6. g3 g6 7. Nc3 Bg7 8. Bg2 0-0 9. 0-0 a6 10. a4 Re8 11. Nd2 Nbd7 12. Nc4 Ne5 13. Nxe5 Rxe5 14. Bf4 Re8 15. Re1 Rb8 16. e4 Ng4 17. h3 Ne5 18. Qe2 Bd7 19. a5 Qc8 20. Na4 Bb5 21. Qd1 Nc4 22. Qc2 Be5 23. Nc3 Qd8 24. Bxe5 Nxe5 25. Nxb5 axb5 26. f4 Nd7 27. Qb3 b4 28. Bf1 Nf6 29. Qf3 Kg7 30. a6 bxa6 31. Rxa6 Nxd5 32. e5 Nb6 33. Qc6 Re6 34. Rd1 h5 35. Rxd6 Rxd6 36. exd6 Nd7 37. Ra7 Nf6 38. Bc4 1-0

[Event "Asia-ch Amateur (Women)"]
[Site "Dubai"]
[Date "2023.08.30"]
[Round "4"]
[White "Tharushi, THD Niklesha"]
[Black "Mansurova, Mumtozbegim"]
[Result "0-1"]
[WhiteElo "1521"]
[BlackElo "1599"]
[PlyCount "78"]
[EventDate "2023.08.28"]
[EventType "swiss"]
[EventRounds "9"]
[EventCountry "UAE"]
[SourceTitle "EXT 2024"]
[Source "ChessBase"]
[SourceDate "2023.10.10"]
[SourceVersion "1"]
[SourceVersionDate "2023.10.10"]
[SourceQuality "1"]

1. d4 Nf6 2. c4 c5 3. d5 d6 4. Nc3 e6 5. Nf3 exd5 6. cxd5 g6 7. g3 Bg7 8. Bg2 0-0 9. 0-0 Re8 10. Nd2 a6 11. a4 Nbd7 12. h3 Rb8 13. Nc4 Ne5 14. Qb3 Nxc4 15. Qxc4 Qd7 16. a5 b5 17. axb6 Rxb6 18. Ra4 Qb7 19. e4 Bd7 20. Ra2 Bb5 21. Nxb5 axb5 22. Qc2 Ra6 23. Ra3 Nd7 24. f4 Rxa3 25. bxa3 Qa7 26. Kh2 c4 27. f5 Be5 28. Bb2 Ra8 29. f6 Qc5 30. Bxe5 dxe5 31. h4 Ra6 32. Qb2 c3 33. Qc1 Nxf6 34. Qg5 Qd6 35. Rb1 Qxa3 36. Rxb5 h6 37. Rb8+ Kh7 38. Rh8+ Kxh8 39. Qxh6+ Kg8 0-1

[Event "Asia-ch Amateur (Women)"]
[Site "Dubai"]
[Date "2023.08.29"]
[Round "3"]
[White "Amarjargal, Enkhbayar"]
[Black "Tharushi, THD Niklesha"]
[Result "0-1"]
[WhiteElo "1881"]
[BlackElo "1521"]
[PlyCount "138"]
[EventDate "2023.08.28"]
[EventType "swiss"]
[EventRounds "9"]
[EventCountry "UAE"]
[SourceTitle "EXT 2024"]
[Source "ChessBase"]
[SourceDate "2023.10.10"]
[SourceVersion "1"]
[SourceVersionDate "2023.10.10"]
[SourceQuality "1"]

1. e4 c5 2. Nf3 a6 3. d4 cxd4 4. Nxd4 Nf6 5. Nc3 e5 6. Nf5 d5 7. Ng3 Bb4 8. exd5 Bxc3+ 9. bxc3 Qxd5 10. Qxd5 Nxd5 11. Bd2 Nc6 12. Bd3 0-0 13. 0-0 f5 14. f3 g6 15. Rab1 Rb8 16. Rfe1 Be6 17. Rb2 Nf6 18. a4 Nd7 19. c4 Nc5 20. Ra1 Rfd8 21. Ra3 Kg7 22. Kf2 Bxc4 23. Bg5 Nxd3+ 24. cxd3 Rxd3 25. Rxd3 Bxd3 26. Rd2 Bc4 27. Rd7+ Bf7 28. h4 Kf8 29. h5 Nd4 30. h6 b5 31. a5 Nc6 32. Rd6 Nxa5 33. Rxa6 Nc4 34. Nf1 b4 35. Ne3 b3 36. Nd1 b2 37. Nxb2 Rxb2+ 38. Kg3 f4+ 39. Kh3 Rb6 40. Ra8+ Be8 41. Ra7 Nd6 42. Be7+ Kg8 43. Bf6 Nf7 44. Bg7 g5 45. Ra8 Nxh6 46. Bxe5 Re6 47. Bc3 Kf7 48. Ra7+ Re7 49. Ra6 Bd7+ 50. Kh2 Re6 51. Ra5 Kg6 52. Ra7 Rd6 53. Bb4 Rd5 54. Ra6+ Kh5 55. Rd6 Rxd6 56. Bxd6 Nf5 57. Be5 Bb5 58. Kg1 Bc6 59. Kf2 Kg6 60. Bc3 h5 61. Be5 Nh4 62. Bc7 Kf5 63. Bd8 Ng6 64. Bc7 Ne5 65. Bb8 g4 66. fxg4+ Nxg4+ 67. Kg1 Ne3 68. g3 f3 69. Bf4 Ng4 0-1

[Event "Titled Tuesday intern op 29th Aug Early"]
[Site "Chess.com INT"]
[Date "2023.08.29"]
[Round "5"]
[White "Tharushi, THD Niklesha"]
[Black "Batbold, Nyamsuren"]
[Result "1-0"]
[WhiteElo "1521"]
[BlackElo "2156"]
[PlyCount "69"]
[EventDate "2023.08.29"]
[EventType "swiss (blitz)"]
[EventRounds "11"]
[EventCountry "USA"]
[SourceTitle "EXT 2024"]
[Source "ChessBase"]
[SourceDate "2023.10.10"]
[SourceVersion "1"]
[SourceVersionDate "2023.10.10"]
[SourceQuality "1"]

1. e4 c5 2. Nf3 Nf6 3. d4 cxd4 4. Qxd4 Nc6 5. Qd3 d6 6. Nc3 g6 7. Be2 Bg7 8. 0-0 0-0 9. h3 Nd7 10. Be3 Nde5 11. Nxe5 Nxe5 12. Qd2 Be6 13. Nd5 Bxd5 14. Qxd5 Nc6 15. c3 Qa5 16. Rad1 Qxd5 17. Rxd5 Rfc8 18. Rfd1 Ne5 19. f4 Nc4 20. Bxc4 Rxc4 21. e5 dxe5 22. Rd8+ Rxd8 23. Rxd8+ Bf8 24. fxe5 Kg7 25. Bxa7 Ra4 26. Bd4 Rxa2 27. b4 e6 28. Rb8 Be7 29. Rxb7 Bh4 30. Rd7 Bg3 31. Kf1 Rd2 32. b5 Rb2 33. b6 h5 34. c4 g5 35. Bxb2 1-0

[Event "Titled Tuesday intern op 29th Aug Early"]
[Site "Chess.com INT"]
[Date "2023.08.29"]
[Round "8"]
[White "Tharushi, THD Niklesha"]
[Black "Petrova, Irina"]
[Result "1/2-1/2"]
[WhiteElo "1521"]
[BlackElo "2108"]
[PlyCount "157"]
[EventDate "2023.08.29"]
[EventType "swiss (blitz)"]
[EventRounds "11"]
[EventCountry "USA"]
[SourceTitle "EXT 2024"]
[Source "ChessBase"]
[SourceDate "2023.10.10"]
[SourceVersion "1"]
[SourceVersionDate "2023.10.10"]
[SourceQuality "1"]

1. e4 d6 2. d4 Nf6 3. Nc3 e5 4. dxe5 dxe5 5. Qxd8+ Kxd8 6. Bc4 Bb4 7. Bg5 Ke7 8. Nge2 Be6 9. Bxe6 Kxe6 10. 0-0-0 c6 11. a3 Bc5 12. f3 Nbd7 13. Ng3 h6 14. Bxf6 Nxf6 15. Rd3 Rhd8 16. Rhd1 Rxd3 17. Rxd3 g6 18. Na4 Be7 19. Ne2 b5 20. Nac3 a5 21. Kd2 b4 22. Na4 Rb8 23. Nc1 Nd7 24. Nb3 Rb5 25. c4 bxc3+ 26. Kxc3 f5 27. Kc4 fxe4 28. fxe4 Nf6 29. Nac5+ Bxc5 30. Nxc5+ Ke7 31. b4 axb4 32. axb4 Rb8 33. h3 Ra8 34. Re3 Ra1 35. Nb3 Ra2 36. g4 Rc2+ 37. Kd3 Rb2 38. Kc4 Rf2 39. Kc5 Rc2+ 40. Kb6 Nd7+ 41. Kc7 Rc4 42. Na5 Rc1 43. Nxc6+ Ke6 44. b5 Nc5 45. b6 Na6+ 46. Kb7 Nc5+ 47. Kc8 Na6 48. Kb7 Nc5+ 49. Ka8 Nd7 50. b7 Ra1+ 51. Na7 Nb6+ 52. Kb8 Nd7+ 53. Kc8 Rc1+ 54. Kd8 Rb1 55. Kc8 Rc1+ 56. Kd8 Rb1 57. Kc7 Rc1+ 58. Nc6 Rc2 59. Rd3 Nb8 60. Rd6+ Kf7 61. Rxg6 Kxg6 62. Kxb8 Rxc6 63. Ka8 Ra6+ 64. Kb8 Kg5 65. Kc7 Ra7 66. Kb6 Rxb7+ 67. Kxb7 Kh4 68. Kc6 Kxh3 69. Kd5 Kxg4 70. Kxe5 h5 71. Kd6 h4 72. e5 h3 73. e6 h2 74. e7 h1Q 75. e8Q Qd1+ 76. Kc7 Qc2+ 77. Kd8 Qd3+ 78. Qd7+ Qxd7+ 79. Kxd7 1/2-1/2

[Event "Titled Tuesday intern op 22nd Aug Early"]
[Site "Chess.com INT"]
[Date "2023.08.22"]
[Round "5"]
[White "Buchenau, Frank"]
[Black "Tharushi, THD Niklesha"]
[Result "1-0"]
[WhiteElo "2222"]
[BlackElo "1521"]
[PlyCount "49"]
[EventDate "2023.08.22"]
[EventType "swiss (blitz)"]
[EventRounds "11"]
[EventCountry "USA"]
[SourceTitle "EXT 2024"]
[Source "ChessBase"]
[SourceDate "2023.10.10"]
[SourceVersion "1"]
[SourceVersionDate "2023.10.10"]
[SourceQuality "1"]

1. e4 c5 2. Nf3 d6 3. Bb5+ Bd7 4. Bxd7+ Qxd7 5. c4 Nc6 6. d4 cxd4 7. Nxd4 Nf6 8. Nc3 g6 9. f3 Bg7 10. Be3 0-0 11. 0-0 e6 12. b3 Rad8 13. Rc1 d5 14. cxd5 exd5 15. Nxc6 bxc6 16. e5 d4 17. exf6 Bxf6 18. Ne4 Qe6 19. Bh6 Bg7 20. Bxg7 Kxg7 21. Re1 Rfe8 22. Qd2 d3 23. Qc3+ Kg8 24. Nf6+ Qxf6 25. Qxf6 1-0